000 00539nam a22001577a 4500
999 _c11964
_d11964
008 190114b ||||| |||| 00| 0 eng d
020 _a971-542-288-8
082 _22001
_aDFil 899.211
_bP53
245 _aMandangan's story (Sulu-Samal)/
_cDamiana L. Eugenio (Compiler and Editor)
260 _aQuezon City:
_bUniversity of the Philippines Press,
_c2001
300 _aPage 357;
_c23 cm.
500 _aPhilippine Folk Literature
650 _aFolklore
_933995
650 _aPhilippine folk literature--Collections
_933996
942 _2ddc
_cDFIL